[Event "POL-chT 2nd League"]
[Site "Lublin"]
[Date "2006.09.09"]
[Round "8.31"]
[White "Zawadzki, Stanislaw"]
[Black "Pinkas, Karol"]
[Result "0-1"]
[WhiteElo "2397"]
[BlackElo "2298"]
[PlyCount "84"]
[EventDate "2006.09.02"]
[EventType "team-swiss"]
[EventRounds "9"]
[EventCountry "POL"]
[SourceTitle "EXT 2019"]
[Source "ChessBase"]
[SourceDate "2018.10.10"]
[SourceVersion "1"]
[SourceVersionDate "2018.10.10"]
[SourceQuality "1"]
[WhiteTeam "Legnica Miedz"]
[BlackTeam "Jaworzno JKSz MCKiS II"]
[WhiteTeamCountry "POL"]
[BlackTeamCountry "POL"]

1. Nc3 e5 2. d4 exd4 3. Qxd4 Nf6 4. Bg5 Be7 5. 0-0-0 Nc6 6. Qh4 d6 7. e4 h6 8. f4 0-0 9. Nf3 Ng4 10. Bxe7 Qxe7 11. Qe1 Nf6 12. h3 Re8 13. Bd3 Nb4 14. g4 Nxd3+ 15. cxd3 Be6 16. f5 Bd7 17. Kb1 b5 18. Rc1 c5 19. Rg1 b4 20. Nd1 Bb5 21. Nf2 d5 22. e5 Nd7 23. d4 a6 24. g5 hxg5 25. Rxg5 f6 26. Rg6 fxe5 27. f6 Nxf6 28. dxe5 Qf7 29. Nh4 Bd7 30. Ka1 Ne4 31. Nxe4 Rxe5 32. Qd2 Rxe4 33. Rcg1 Be6 34. Qg5 Ra7 35. Nf3 Qf8 36. Qh5 Bf7 37. Ne5 Be8 38. Qg5 Rxe5 39. Qxe5 Bxg6 40. Qxd5+ Bf7 41. Qg5 Rd7 42. h4 a5 0-1

[Event "POL-chT 2nd League"]
[Site "Wysowa"]
[Date "2005.08.27"]
[Round "1.85"]
[White "Pinkas, Karol"]
[Black "Zgadzaj, Rafal"]
[Result "1-0"]
[WhiteElo "2325"]
[BlackElo "2185"]
[PlyCount "45"]
[EventDate "2005.08.27"]
[EventType "team-swiss"]
[EventRounds "9"]
[EventCountry "POL"]
[SourceTitle "EXT 2019"]
[Source "ChessBase"]
[SourceDate "2018.10.10"]
[SourceVersion "1"]
[SourceVersionDate "2018.10.10"]
[SourceQuality "1"]
[WhiteTeam "Jaworzno JKSz MCKiS II"]
[BlackTeam "Chroscice LZS Victoria"]
[WhiteTeamCountry "POL"]
[BlackTeamCountry "POL"]

1. e4 c5 2. Nf3 d6 3. d4 cxd4 4. Nxd4 Nf6 5. Nc3 e6 6. f4 Be7 7. Be2 a6 8. 0-0 Qc7 9. Kh1 0-0 10. Qe1 Nc6 11. Be3 Nxd4 12. Bxd4 e5 13. fxe5 dxe5 14. Qg3 Nd7 15. Nd5 Qd6 16. Bc3 Bd8 17. Rad1 Qc6 18. Ne3 Qxe4 19. Nf5 Bf6 20. Bd3 Qc6 21. Nd6 h6 22. Bf5 Kh8 23. Nxc8 1-0

[Event "Perla Baltyku op 1st"]
[Site "Mielno"]
[Date "2005.06.15"]
[Round "6"]
[White "Szymanski, Andrzej1111"]
[Black "Pinkas, Karol"]
[Result "1-0"]
[WhiteElo "2257"]
[BlackElo "2325"]
[PlyCount "75"]
[EventDate "2005.06.10"]
[EventType "swiss"]
[EventRounds "10"]
[EventCountry "POL"]
[SourceTitle "EXT 2006"]
[Source "ChessBase"]
[SourceDate "2005.11.24"]
[SourceVersion "1"]
[SourceVersionDate "2005.11.24"]
[SourceQuality "1"]

1. d4 Nf6 2. c4 e6 3. Nc3 d5 4. cxd5 exd5 5. Bg5 Be7 6. e3 c6 7. Bd3 0-0 8. Qc2 Nbd7 9. Nge2 Re8 10. 0-0 Nf8 11. f3 Ng6 12. Rad1 Be6 13. Kh1 Rc8 14. e4 dxe4 15. fxe4 Ng4 16. Bc1 Bb4 17. Nf4 Qxd4 18. Nxe6 fxe6 19. Qe2 N6e5 20. h3 Qd8 21. Rf4 Nf6 22. Bc2 Qe7 23. Rff1 Rcd8 24. Bg5 Rxd1 25. Qxd1 Rf8 26. Bb3 c5 27. Qe2 a6 28. a4 h6 29. Bh4 Ba5 30. Nd1 Rd8 31. Bxf6 gxf6 32. Ne3 Kg7 33. Qh5 Rd3 34. Ng4 Bd2 35. Rxf6 Bg5 36. Rxh6 Nf7 37. Rh7+ Kg8 38. Qg6+ 1-0

[Event "Perla Baltyku op 1st"]
[Site "Mielno"]
[Date "2005.06.11"]
[Round "2"]
[White "Pinkas, Karol"]
[Black "Tokarski, Lukasz"]
[Result "1-0"]
[WhiteElo "2325"]
[BlackElo "2067"]
[PlyCount "53"]
[EventDate "2005.06.10"]
[EventType "swiss"]
[EventRounds "10"]
[EventCountry "POL"]
[SourceTitle "EXT 2006"]
[Source "ChessBase"]
[SourceDate "2005.11.24"]
[SourceVersion "1"]
[SourceVersionDate "2005.11.24"]
[SourceQuality "1"]

1. e4 c5 2. Nc3 Nc6 3. Nf3 Nf6 4. Bb5 a6 5. Bxc6 dxc6 6. d3 g6 7. Be3 b6 8. h3 Bg7 9. Qd2 0-0 10. Bh6 Re8 11. Bxg7 Kxg7 12. 0-0-0 e5 13. Nh2 b5 14. f4 exf4 15. Qxf4 Be6 16. Ng4 Qe7 17. e5 Ng8 18. Ne4 Ra7 19. Nef6 Rd8 20. Nxg8 Rxg8 21. Qh6+ Kh8 22. Nf6 Rg7 23. Rde1 b4 24. Rhf1 a5 25. Re4 g5 26. Rg4 Ra8 27. Rxg5 1-0